书目信息 |
| 题名: |
公路工程设计与实例
|
|
| 作者: | 张玉稳 , 李继业 主编 ;张峰 副主编 | |
| 分册: | ||
| 出版信息: | 北京 化学工业出版社 2010.09 |
|
| 页数: | 306页 | |
| 开本: | 26cm | |
| 丛书名: | ||
| 单 册: | ||
| 中图分类: | U412 | |
| 科图分类: | ||
| 主题词: | 道路工程--Dao Lu Gong Cheng--设计 | |
| 电子资源: | ||
| ISBN: | 978-7-122-08993-9 | |
| 000 | 01337nam0 2200277 450 | |
| 001 | CAL 012010232370 | |
| 005 | 20111230095553.42 | |
| 010 | @a978-7-122-08993-9@dCNY68.00 | |
| 100 | @a20101010d2010 ekmy0chiy0120 ea | |
| 101 | 0 | @achi |
| 102 | @aCN@b110000 | |
| 105 | @aak a 000yy | |
| 200 | 1 | @a公路工程设计与实例@AGong Lu Gong Cheng She Ji Yu Shi Li@f李继业, 张玉稳主编@g张峰副主编 |
| 210 | @a北京@c化学工业出版社@d2010.09 | |
| 215 | @a306页@c图@d26cm | |
| 300 | @a有书目 (第306页) | |
| 330 | @a本书主要包括公路工程一般路基设计、公路路基过坡防护设计、路基边坡稳定性设计、路基路面排水设计等。 | |
| 606 | 0 | @a道路工程@ADao Lu Gong Cheng@x设计 |
| 690 | @aU412@v4 | |
| 701 | 0 | @a张玉稳@AZhang Yu Wen@4主编 |
| 701 | 0 | @a李继业@ALi Ji Ye@4主编 |
| 702 | 0 | @a张峰@AZhang Feng@4副主编 |
| 801 | 0 | @aCN@bAYGYLIB@c20111230 |
| 905 | @aZUCC@dU412@eL1801@f3 | |
| 982 | @a普通 | |
| 985 | @a0914785@b样本库@d68@e0@g安阳工学院图书馆@h0914785@l郑州日成@m订购@r2011-06-19 10:19:12.0@x普通@a0914786@b基本书库@d68@e0@g安阳工学院图书馆@h0914786@l郑州日成@m订购@r2011-06-19 10:19:12.0@x普通@a0914787@b基本书库@d68@e0@g安阳工学院图书馆@h0914787@l郑州日成@m订购@r2011-06-19 10:19:12.0@x普通@a0946903@b基本书库@d68@e0@g安阳工学院图书馆@h0946903@l郑州日成@m订购@x普通@a0946904@b基本书库@d68@e0@g安阳工学院图书馆@h0946904@l郑州日成@m订购@x普通 | |
| 公路工程设计与实例/李继业, 张玉稳主编/张峰副主编.-北京:化学工业出版社,2010.09 |
| 306页:图;26cm |
| 有书目 (第306页) |
| ISBN 978-7-122-08993-9:CNY68.00 |
| 本书主要包括公路工程一般路基设计、公路路基过坡防护设计、路基边坡稳定性设计、路基路面排水设计等。 |
| ● |
| 相关链接 |
|
|
|
正题名:公路工程设计与实例
索取号:U412/L1801
 
预约/预借
| 序号 | 登录号 | 条形码 | 馆藏地/架位号 | 状态 | 备注 |
| 1 | 1190125 | 211901254 | 自科库501/501自科库 51排2列3层/ [索取号:U412/L1801] | 在馆 | |
| 2 | 1190126 | 211901263 | 自科库501/501自科库 51排2列3层/ [索取号:U412/L1801] | 在馆 | |
| 3 | 1190127 | 211901272 | 自科库501/501自科库 51排2列3层/ [索取号:U412/L1801] | 在馆 |